Statistiques concernant Géographie par lettre - S

Cliquez ici pour prendre le quiz!

Statistiques générales

  • Ce quiz a été pris 19 420 fois
  • Le résultat moyen est 14 sur 24

Statistiques - réponses

allusionréponse% Correct
Le plus grand désert de sable du mondeSahara
100%
Écosse, en anglaisScotland
90%
Ville frontière franco-allemandeStrasbourg
89%
Capitale de la SuèdeStockholm
88%
La plus grande entreprise de Corée du SudSamsung
79%
Canal reliant la mer Méditerranée et la mer RougeSuez
79%
Les vastes régions orientales de la RussieSibérie
77%
La plus grande ville d'Amérique du SudSão Paulo
76%
Nation dans la Corne de l'AfriqueSomalie
72%
Style musical brésilienSamba
71%
La plus grande île méditerranéenneSicile
71%
Cité-État qui a vaincu Athènes au 5ème siècle avant JCSparte
65%
Le bassin de ce fleuve contient Reims et AuxerreSeine
63%
Ville fortifiée de Bretagne sur la MancheSaint-Malo
61%
Capitale de la RéunionSaint-Denis
58%
Le chewing-gum est illégal dans ce petit paysSingapour
53%
Capitale de la CalifornieSacramento
48%
Ancien nom de la Hô-Chi-Minh-VilleSaïgon
45%
La plus grande branche de l'islamsunnisme
41%
La bataille de l'Alamo s'est déroulée près de cette ville texaneSan Antonio
31%
Religion indigène du Japonshintoïsme
25%
Île contenant Palembang et PadangSumatra
24%
Province du sud-ouest de la Chine connue pour sa cuisine épicéeSichuan
22%
Monnaie du Kenya et de la Tanzanieshilling
12%

Distribution des résultats

Percentile par nombre de réponses

% des personnes avec chaque résultat

Votre développement - résultats

Vous n’avez pas pris ce quiz